Southville International School and Colleges
Your cart is empty.
  • Cart
  • Lists
    Public lists Eva Luna New books Lux_list list_1
    Your lists Log in to create your own lists
  • Log in to your account
  • Your cookies
  • Search history
Southville International School and Colleges
  • Advanced search
  • Recent comments
  • Most popular
  • Libraries

Log in to your account

Log in with GOOGLE


If you do not have an external account, but do have a local account, you can still log in:

  1. Home
  2. MARC view: Learning to write, 1 :
Normal view MARC view ISBD view

Learning to write, 1 : (Record no. 103688)

[ view plain ]
MARC details
000 -LEADER
fixed length control field 00631nam a2200181 a 4500
005 - DATE AND TIME OF LATEST TRANSACTION
control field 20140412111306.0
008 - FIXED-LENGTH DATA ELEMENTS--GENERAL INFORMATION
fixed length control field 010502s19uu xx 00 eng d
020 ## - INTERNATIONAL STANDARD BOOK NUMBER
International Standard Book Number 1-85270-005-X
050 ## - LIBRARY OF CONGRESS CALL NUMBER
Classification number TR(GS 420.7
Item number S31 1987
100 ## - MAIN ENTRY--PERSONAL NAME
Personal name Salt, Jane
245 ## - TITLE STATEMENT
Title Learning to write, 1 :
Remainder of title a practice workbook on the first stages of handwriting /
Statement of responsibility, etc educational adviser Jane Salt; illustrated by Simone Abel.
260 ## - PUBLICATION, DISTRIBUTION, ETC. (IMPRINT)
Place of publication, distribution, etc London :
Name of publisher, distributor, etc The Parent and Child Programme,
Date of publication, distribution, etc 1987.
300 ## - PHYSICAL DESCRIPTION
Extent 24p. ; ill.
440 ## - SERIES STATEMENT/ADDED ENTRY--TITLE
Title The Parent and Child Programme
520 ## - SUMMARY, ETC.
Summary, etc Workbook on the handwriting, age 4-5
650 ## - SUBJECT ADDED ENTRY--TOPICAL TERM
Topical term or geographic name as entry element Writing
Holdings
Withdrawn status Lost status Damaged status Home library Current library Shelving location Date acquired Source of acquisition Total Checkouts Full call number Barcode Date last seen Price effective from Koha item type
      Elizalde Library Elizalde Library Teachers Reference Section 05/02/2001     TR(GS 420.7 S31 1987 E5725 04/12/2014 04/12/2014 Books

Learning to write, 1 :

APA

Salt J., . (1987). Learning to write, 1. London: The Parent and Child Programme.

Chicago

Salt Jane, . 1987. Learning to write, 1. London: The Parent and Child Programme.

Harvard

Salt J., . (1987). Learning to write, 1. London: The Parent and Child Programme.

MLA

Salt Jane, . Learning to write, 1. London: The Parent and Child Programme. 1987.

  • Place hold
  • Print
  • Cite
  • Add to your cart (remove)
  • Save record
    BIBTEX Dublin Core MARCXML MARC (non-Unicode/MARC-8) MARC (Unicode/UTF-8) MARC (Unicode/UTF-8, Standard) MODS (XML) RIS
  • More searches
    Search for this title in:
    Other Libraries (WorldCat) Other Databases (Google Scholar) Online Stores (Bookfinder.com) Open Library (openlibrary.org)

Exporting to Dublin Core...

SOUTHVILLE LIBRARY

Southville International School and Colleges Library

1281 Tropical Ave. Cor. Luxembourg St., BF Homes International, Las Pinas City

Tel. No. 8256374 / 252358 Loc. 117/146

Powered by Koha